Statistics for Speed Symbol by Number

Click here to take the quiz!

General Stats

  • This quiz has been taken 5 times
  • The average score is 6 of 118

Answer Stats

Element% Correct
1H
100%
4Be
75%
2He
75%
6C
50%
3Li
50%
13Al
25%
5B
25%
20Ca
25%
9F
25%
26Fe
25%
19K
25%
7N
25%
11Na
25%
10Ne
25%
8O
25%
14Si
25%
89Ac
0%
47Ag
0%
95Am
0%
18Ar
0%
33As
0%
85At
0%
79Au
0%
56Ba
0%
107Bh
0%
83Bi
0%
97Bk
0%
35Br
0%
48Cd
0%
58Ce
0%
98Cf
0%
17Cl
0%
96Cm
0%
112Cn
0%
27Co
0%
24Cr
0%
55Cs
0%
29Cu
0%
105Db
0%
110Ds
0%
66Dy
0%
68Er
0%
99Es
0%
63Eu
0%
114Fl
0%
100Fm
0%
87Fr
0%
31Ga
0%
64Gd
0%
32Ge
0%
72Hf
0%
80Hg
0%
67Ho
0%
108Hs
0%
53I
0%
49In
0%
77Ir
0%
36Kr
0%
57La
0%
103Lr
0%
71Lu
0%
116Lv
0%
115Mc
0%
101Md
0%
12Mg
0%
25Mn
0%
42Mo
0%
109Mt
0%
41Nb
0%
60Nd
0%
113Nh
0%
28Ni
0%
102No
0%
93Np
0%
118Og
0%
76Os
0%
15P
0%
91Pa
0%
82Pb
0%
46Pd
0%
61Pm
0%
84Po
0%
59Pr
0%
78Pt
0%
94Pu
0%
88Ra
0%
37Rb
0%
75Re
0%
104Rf
0%
111Rg
0%
45Rh
0%
86Rn
0%
44Ru
0%
16S
0%
51Sb
0%
21Sc
0%
34Se
0%
106Sg
0%
62Sm
0%
50Sn
0%
38Sr
0%
73Ta
0%
65Tb
0%
43Tc
0%
52Te
0%
90Th
0%
22Ti
0%
81Tl
0%
69Tm
0%
117Ts
0%
92U
0%
23V
0%
74W
0%
54Xe
0%
39Y
0%
70Yb
0%
30Zn
0%
40Zr
0%

Score Distribution

Percentile by Number Answered

Percent of People with Each Score

Your Score History

You have not taken this quiz